| 000 | 00404nam a2200157Ia 4500 | ||
|---|---|---|---|
| 008 | 231217s9999 xx 000 0 und d | ||
| 041 | _aEnglish | ||
| 082 | _a510.02462 RAM.2;2 | ||
| 100 | _aQureshi, ArshadRamamurthy K | ||
| 245 | 0 | _aElements of engineering mathematics V.2 | |
| 250 | _a1st ed. | ||
| 260 |
_c1990 _bSudha |
||
| 300 | _avii+470 | ||
| 650 | _aEngineering mathematics | ||
| 942 | _cAA | ||
| 999 |
_c162046 _d162046 |
||